00728nam a2200181 a 4500003000200000005001700002008004100019050003000060100002100090245006900111260009400180300004500274504004300319650002800362650005100390650005200441650005300493020250412083136.0970101s19uu xx 00 eng d aPGS LB 1028.3b.M684 2004 aMitsuhashi, Mie. aThe use of technology by the grade 5 students /cMie Mitsuhashi. aLas Piñas City, Philippines : bSouthville International School and Colleges, c2004. a31 pages : billustrations ; c28 cm.  aIncludes bibliographical references.  aComputers and children. aEducational technologyvPsychological aspects. aTechnology and childrenvAcademic achievement . aStudentsvUse of technologyvBehavioral aspects.